| 000 | 01103nam a22002537a 4500 | ||
|---|---|---|---|
| 005 | 20170123164153.0 | ||
| 010 | _aB-065457 | ||
| 020 |
_c225.00 _a8171163203 |
||
| 035 | _aB-065457 | ||
| 037 | _aCen Lib / Ret | ||
| 040 |
_aDPL _bPN |
||
| 082 |
_a260.91 _bਬਰਾੜ |
||
| 100 |
_aਬਰਾੜ, ਅਵਤਾਰ ਸਿੰਘ _9129947 |
||
| 245 |
_aਪੂਰਵ ਜਨਮ ਤਪ ਅਸਥਾਨ / _cਭਾਈ ਭਗਤ ਸਿੰਘ ਜਾਚਕ _bਸ੍ਰੀ ਹੇਮਕੁੰਟ ਸਾਹਿਬ |
||
| 246 |
_aPurav janam tap asthan : sri hemkunt sabib / _bby Avtar Singh Berar |
||
| 260 |
_aਦਿੱਲੀ _bਨੈਸ਼ਨਲ਼ ਬੂਕ ਸ਼ਾਪ _c2002 |
||
| 270 |
_a32-B, ਪ੍ਲੇਆਸੁਰ ਗਾਰਡਨ ਮਾਰਕਿਟ, ਚਾਂਦਨੀ ਚੋਕ ਦਿੱਲੀ _bਦਿੱਲੀ _e110006 |
||
| 300 |
_a174p. _c22cm(Hb) |
||
| 650 |
_aਪੰਜਾਬੀ ਸਾਹਿਤ _9129948 |
||
| 650 |
_aਸਿਖ -- ਧਰਮ _93457 |
||
| 650 |
_aPunjabi Literature _9781 |
||
| 650 |
_aSikh - Religion _979271 |
||
| 942 |
_2ddc _cPN _h260.91 _mਬਰਾੜ |
||
| 999 |
_c110527 _d110527 |
||